| 000 | 00899cam a2200265 a 4500 | ||
|---|---|---|---|
| 999 |
_c330861 _d330861 |
||
| 001 | 15429924 | ||
| 003 | NUST | ||
| 005 | 20170817192509.0 | ||
| 008 | 080827s1984 pk b 000 0 pano | ||
| 010 | _a 2008326851 | ||
| 020 | _a9693509099 | ||
| 040 |
_aDLC _cDLC |
||
| 041 | 0 |
_apan _aeng |
|
| 082 |
_a891.421 _bBAR |
||
| 100 | 0 |
_aHāfiza Barak̲h̲uradāra, _dactive 17th century. _93958 |
|
| 245 | 1 | 0 |
_aMirzā Ṣāḥibān̲ / _cḤāfiẓ Barkhvurdār. |
| 246 | 1 |
_iTitle on t.p. verso, CIP data: _aMirza Sahiban |
|
| 246 | 1 | 5 | _aMirza and Sahiban of Pilu |
| 260 |
_aLāhore : _bSang-i Mīl Pablīkeshanz, _c1998. |
||
| 300 |
_a126 p. ; _c28 cm. |
||
| 504 | _aIncludes bibliographical references. | ||
| 546 | _aIn Panjabi (Arabic script); some in English. | ||
| 650 |
_aPunjabi literature _9992 |
||
| 880 |
_6100-01\(3\r _aحافظ برخوردار |
||
| 880 |
_6245-02\(3\r _aمرزا صاحباں _cحافظ برخوردار، ترتیب و تعارف: فقیر احمد فقیر |
||
| 880 |
_6260-03\(3\r _aلاہور: _bسنگ میل پبلی کیشنز، _c2010 |
||
| 906 |
_a7 _bibc _corignew _d4 _encip _f19 _gy-gencatlg |
||
| 942 |
_2ddc _cBK |
||